Desarrollo e integración en Centroamérica: del pasado a las perspectivas /

Salvato in:
Dettagli Bibliografici
Autore principale: Guerra Borges, Alfredo
Enti autori: CRIES, IIEC
Natura: testo
Pubblicazione: México: Ediciones de Cultura Popular
Tags: Aggiungi Tag
Nessun Tag, puoi essere il primo ad aggiungerne!!

MARC

LEADER 00000 a a2200000 04500
001 23383
003
040 |a CRAI/IIS  |c CRAI/IIS 
020 |a 968-837-870-4  
090 |a 162000  
100 |a Guerra Borges, Alfredo  
110 |a CRIES  
245 |a Desarrollo e integración en Centroamérica: del pasado a las perspectivas /  |c CRIES  
260 |a México:   |b Ediciones de Cultura Popular  
300 |a 174 p  
710 |a IIEC  
999 |c 6956  |d 6956